5-Star Actors V Quiz Stats

 Plays Quiz Updated Sep 18, 2014

Score 0/60 Timer 07:00
8 Plays Today
% Correct
Iron Man
92.1%
The Dark Knight
89.3%
The Matrix
88.9%
American Psycho
87.9%
Sherlock Holmes
86.2%
The 40 Year Old Virgin
86.2%
The Waterboy
85.1%
The Wedding Singer
85%
Argo
84.6%
Night at the Museum
84.1%
Zoolander
83%
Speed
82.4%
Meet the Parents
81.7%
Skyfall
80.9%
Lethal Weapon
80.5%
The Patriot
80.4%
Anger Management
79.7%
Grown Ups
78.2%
Pearl Harbor
78.1%
Dodgeball: A True Underdog Story
78.1%
Mad Max
77.6%
Hotel Rwanda
76.9%
Daredevil
76.6%
LOTR: The Two Towers
76.4%
Batman Forever
75.3%
Date Night
72.9%
Point Break
70.9%
Top Gun
68.9%
Little Miss Sunshine
68.4%
The Girl with the Dragon Tattoo
67.8%
% Correct
Chaplin
67.4%
The Prestige
65.9%
Punch-Drunk Love
65.2%
Dan in Real Life
65.1%
The Fighter
64.5%
A History of Violence
64.2%
Cowboys & Aliens
64%
3:10 to Yuma
63.8%
The Town
63.5%
The Devil's Advocate
62.6%
Ransom
61.3%
The Doors
60.8%
Tombstone
57.6%
Madagascar
56.7%
Crash
56.4%
Due Date
55.1%
Eastern Promises
51%
The Road
47%
Heat
46.4%
My Own Private Idaho
43.2%
Chicken Run
42.8%
Defiance
41.9%
Zodiac
41%
Munich
39.9%
Appaloosa
36.4%
Hollywoodland
34.6%
Flight
33.6%
The Way Way Back
32.9%
The Guard
23.6%
Manic
20.8%

You're not logged in!

Compare scores with friends on all Sporcle quizzes.
OR
Log In

You Might Also Like...

Show Comments

Extras

Top Quizzes Today


Score Distribution

Your Account Isn't Verified!

In order to create a playlist on Sporcle, you need to verify the email address you used during registration. Go to your Sporcle Settings to finish the process.

Report this User

Report this user for behavior that violates our Community Guidelines.

Details: